Introduction to Workshop Technology / (Record no. 587819)
[ view plain ]
| 000 -LEADER | |
|---|---|
| fixed length control field | 00501nam a22001697a 4500 |
| 020 ## - INTERNATIONAL STANDARD BOOK NUMBER | |
| International Standard Book Number | 9789698535384 |
| 082 ## - DEWEY DECIMAL CLASSIFICATION NUMBER | |
| Classification number | 672.4223 |
| Author Mark | HAS |
| 100 ## - MAIN ENTRY--PERSONAL NAME | |
| Personal name | Hassan, M Naweed |
| 245 ## - TITLE STATEMENT | |
| Title | Introduction to Workshop Technology / |
| Statement of responsibility, etc. | M Naweed Hassan |
| 250 ## - EDITION STATEMENT | |
| Edition statement | 3rd Edition. |
| 260 ## - PUBLICATION, DISTRIBUTION, ETC. | |
| Place of publication, distribution, etc. | Islamabad : |
| Name of publisher, distributor, etc. | NUST Printing Press, |
| Date of publication, distribution, etc. | 2019. |
| 300 ## - PHYSICAL DESCRIPTION | |
| Extent | 145p. ; |
| Dimensions | 22 cm. |
| 650 ## - SUBJECT ADDED ENTRY--TOPICAL TERM | |
| Topical term or geographic name entry element | Workshops |
| -- | Machine-shop practice |
| 942 ## - ADDED ENTRY ELEMENTS (KOHA) | |
| Source of classification or shelving scheme | |
| Koha item type | Book |
| 650 ## - SUBJECT ADDED ENTRY--TOPICAL TERM | |
| -- | 113854 |
| Withdrawn status | Lost status | Source of classification or shelving scheme | Damaged status | Not for loan | Permanent Location | Current Location | Date acquired | Source of acquisition | Full call number | Barcode | Date last seen | Price effective from | Koha item type | Total Checkouts |
|---|---|---|---|---|---|---|---|---|---|---|---|---|---|---|
| Central Library (CL) | Central Library (CL) | 02/10/2022 | Donated by Fatima Zahra(S3H) | 670.4223 HAS | CL-D-1452 | 05/16/2025 | 02/10/2022 | Book | ||||||
| Central Library (CL) | Central Library (CL) | 06/26/2023 | Donated by Nihal Ahmed, SEECS NUST | 672.4223 HAS | CL-D-2369 | 06/26/2023 | 06/26/2023 | Book |
